Faculty of Law Library — Cairo University

Official Online Catalog

Human rights : (Record no. 60416)

MARC details
000 -LEADER
fixed length control field 01640cac a2200397 i 4500
003 - CONTROL NUMBER IDENTIFIER
control field EG-GICUC
005 - DATE AND TIME OF LATEST TRANSACTION
control field 20260203082601.0
008 - FIXED-LENGTH DATA ELEMENTS--GENERAL INFORMATION
fixed length control field 040415s2003 enk frb 001 0 eng d
020 ## - INTERNATIONAL STANDARD BOOK NUMBER
International Standard Book Number 0199268614
Qualifying information acid-free paper
020 ## - INTERNATIONAL STANDARD BOOK NUMBER
International Standard Book Number 0199268622
Qualifying information pbk. : acid-free paper
020 ## - INTERNATIONAL STANDARD BOOK NUMBER
International Standard Book Number 9780199268610
Qualifying information (acid-free paper)
020 ## - INTERNATIONAL STANDARD BOOK NUMBER
International Standard Book Number 9780199268627
Qualifying information (pbk. : acid-free paper)
040 ## - CATALOGING SOURCE
Original cataloging agency StDuBDS
Transcribing agency StDuBDS
Modifying agency Uk
-- TxU-L
-- MBU-L
-- DLC
-- EG-GICUC
Language of cataloging eng
Description conventions rda
050 00 - LIBRARY OF CONGRESS CALL NUMBER
Classification number K3240
Item number .T66 2003
082 04 - DEWEY DECIMAL CLASSIFICATION NUMBER
Edition number 21
Classification number 341.48
092 04 - LOCALLY ASSIGNED DEWEY CALL NUMBER (OCLC)
Edition number 21
099 ## - LOCAL FREE-TEXT CALL NUMBER (OCLC)
Classification number Law 11 2003
100 1# - MAIN ENTRY--PERSONAL NAME
Personal name Tomuschat, Christian.
245 10 - TITLE STATEMENT
Title Human rights :
Remainder of title between idealism and realism /
Statement of responsibility, etc. Christian Tomuschat.
264 ## - PRODUCTION, PUBLICATION, DISTRIBUTION, MANUFACTURE, AND COPYRIGHT NOTICE
Place of production, publication, distribution, manufacture Oxford ;
-- New York :
Name of producer, publisher, distributor, manufacturer Oxford University Press,
Date of production, publication, distribution, manufacture, or copyright notice 2003.
300 ## - PHYSICAL DESCRIPTION
Extent xlvi, 333 pages ;
Dimensions 24 cm.
336 ## - CONTENT TYPE
Content type term text
Source rdacontent
337 ## - MEDIA TYPE
Media type term Computer
Source rdamedia
338 ## - CARRIER TYPE
Carrier type term Online Resource
Source rdacarrier
440 #4 - SERIES STATEMENT/ADDED ENTRY--TITLE
Title The collected courses of the Academy of European Law ;
Volume/sequential designation v. 13/1
500 ## - GENERAL NOTE
General note "Academy of European Law, European University Institute."
504 ## - BIBLIOGRAPHY, ETC. NOTE
Bibliography, etc. note Includes bibliographical references and index.
650 #0 - SUBJECT ADDED ENTRY--TOPICAL TERM
Topical term or geographic name entry element Human rights.
710 2# - ADDED ENTRY--CORPORATE NAME
Corporate name or jurisdiction name as entry element Academy of European Law (Florence, Italy)
856 42 - ELECTRONIC LOCATION AND ACCESS
Uniform Resource Identifier <a href="https://fll.law.cu.edu.eg/fulltext/bks/ENGB11-00110.pdf">https://fll.law.cu.edu.eg/fulltext/bks/ENGB11-00110.pdf</a>
856 42 - ELECTRONIC LOCATION AND ACCESS
Materials specified Publisher description
Uniform Resource Identifier <a href="http://www.loc.gov/catdir/enhancements/fy0620/2004271577-d.html">http://www.loc.gov/catdir/enhancements/fy0620/2004271577-d.html</a>
856 41 - ELECTRONIC LOCATION AND ACCESS
Materials specified Table of contents only
Uniform Resource Identifier <a href="http://www.loc.gov/catdir/enhancements/fy0620/2004271577-t.html">http://www.loc.gov/catdir/enhancements/fy0620/2004271577-t.html</a>
856 42 - ELECTRONIC LOCATION AND ACCESS
Materials specified Contributor biographical information
Uniform Resource Identifier <a href="http://www.loc.gov/catdir/enhancements/fy0725/2004271577-b.html">http://www.loc.gov/catdir/enhancements/fy0725/2004271577-b.html</a>
905 ## - Cataloger and Reviser Names
Cataloger Name: Hend El khosy
942 ## - ADDED ENTRY ELEMENTS (KOHA)
Source of classification or shelving scheme Dewey Decimal Classification
Koha item type Books
Edition 21
Suppress in OPAC No
Holdings
Withdrawn status Lost status Source of classification or shelving scheme Damaged status Not for loan Collection Home library Current library Date acquired Total checkouts Full call number Barcode Date last seen Copy number Price effective from Koha item type Public note
    Dewey Decimal Classification     القانون الدولي العام جــــامعة القــاهرة مكتبة كلية الحقوق - فـرع الشيخ زايد 03.02.2026   Law2 11 341.48 TO . H 2003 1100110 C1 ENGB11-00110 03.02.2026 1 03.02.2026 Books 2218

© All rights reserved — Faculty of Law, Cairo University